Click the Maroon 5 Song Title Ending - Statistics

General Stats
  • This quiz has been taken 226 times
    219 since last reset
  • The average score is 16 of 20
Answer Stats
Hint Answer % Correct
Moves Like Jagger
97%
If I Never See Your Face Again
96%
Girls Like You
93%
She Will Be Loved
89%
What Lovers Do
88%
Sunday Morning
88%
One More Night
86%
This Love
82%
Never Gonna Leave This Bed
78%
Don't Wanna Know
77%
Makes Me Wonder
77%
Harder To Breathe
76%
Stereo Hearts
73%
Goodnight Goodnight
72%
Middle Ground
71%
Beautiful Mistakes
70%
Wake Up Call
68%
Love Somebody
67%
Give A Little More
64%
Lucky Strike
57%
No matching quizzes found
Score Distribution
Percent of People with Each Score
Percentile by Number Answered
Your Score History
You have not taken this quiz since the last reset